The magic school bus meets the rot squad : (Record no. 299176)
[ view plain ]
| 000 -LEADER | |
|---|---|
| fixed length control field | 01018nam a2200253Ia 4500 |
| 008 - FIXED-LENGTH DATA ELEMENTS--GENERAL INFORMATION | |
| fixed length control field | 160803s9999 xx 000 0 und d |
| 020 ## - INTERNATIONAL STANDARD BOOK NUMBER | |
| International Standard Book Number | 9780590400237 |
| 100 ## - MAIN ENTRY--PERSONAL NAME | |
| Personal name | Cole, Joanna |
| 245 #4 - TITLE STATEMENT | |
| Title | The magic school bus meets the rot squad : |
| 245 ## - TITLE STATEMENT | |
| Remainder of title | a book about decomposition / |
| 245 ## - TITLE STATEMENT | |
| Statement of responsibility, etc | based on the episode of the animated TV series, written by John May and Jocelyn Stevenson ; produced by Scholastic Productions, Inc. ; based on the Magic school bus books written by Joanna Cole and illustrated by Bruce Degen |
| 260 ## - PUBLICATION, DISTRIBUTION, ETC. (IMPRINT) | |
| Place of publication, distribution, etc | New York : |
| 260 ## - PUBLICATION, DISTRIBUTION, ETC. (IMPRINT) | |
| Name of publisher, distributor, etc | Scholastic Inc. |
| 260 ## - PUBLICATION, DISTRIBUTION, ETC. (IMPRINT) | |
| Date of publication, distribution, etc | 1995 |
| 300 ## - PHYSICAL DESCRIPTION | |
| Extent | 30 unnumbered pages : |
| 300 ## - PHYSICAL DESCRIPTION | |
| Other physical details | color illustrations ; |
| 300 ## - PHYSICAL DESCRIPTION | |
| Dimensions | 20 cm |
| 500 ## - GENERAL NOTE | |
| General note | "TV tie-in book adaptation by Linda Beech and illustrated by Carolyn Bracken, TV script written by John May and Joycelyn Stevenson"--Title page verso. |
| 650 ## - SUBJECT ADDED ENTRY--TOPICAL TERM | |
| Topical term or geographic name as entry element | Biodegradation -- |
| 650 ## - SUBJECT ADDED ENTRY--TOPICAL TERM | |
| Topical term or geographic name as entry element | Nature -- |
| 650 ## - SUBJECT ADDED ENTRY--TOPICAL TERM | |
| General subdivision | Juvenile literature. |
| 650 ## - SUBJECT ADDED ENTRY--TOPICAL TERM | |
| General subdivision | Juvenile literature. |
| 700 ## - ADDED ENTRY--PERSONAL NAME | |
| Personal name | 470 |
| Withdrawn status | Lost status | Damaged status | Home library | Current library | Shelving location | Date acquired | Total Checkouts | Barcode | Date last seen | Price effective from | Koha item type |
|---|---|---|---|---|---|---|---|---|---|---|---|
| Stonyhurst Southville International School (Batangas) | Stonyhurst Southville International School (Batangas) | Lexiled | 08/03/2016 | SC-1102 | 08/03/2016 | 08/03/2016 | Books |